Ley 41/1998, de 9 de diciembre, del Impuesto sobre la Renta de no Residentes

Detalles Bibliográficos
Autor principal: Checha Gonzl̀ez, Clemente
Autor Corporativo: Espaą
Formato: Desconocido
Lenguaje:español
Publicado: [Madrid] : Edersa, 2000
Materias:
Acceso en línea:Acceso restringido

MARC

LEADER 00000ny a22000003n 4500
005 20110620110655.0
008 080625s2000 sp s 000 0 spa c
020 |a 8471309947 
035 |a 459 
040 |a UMA.RE  |d vLex 
080 |a 336.226.1(460)"1998"(094)(0.034) 
090 |c 867  |d 867 
100 1 |a Checha Gonzl̀ez, Clemente 
245 1 0 |a Ley 41/1998, de 9 de diciembre, del Impuesto sobre la Renta de no Residentes  |h [Recurso electrn̤ico]  |c Clemente Checha Gonzl̀ez 
256 |a Servicio en ln̕ea 
260 |a [Madrid] :  |b Edersa,  |c 2000 
506 1 |a Contenido solo disponible en los productos indicados  |d vLex Global  |d vLex Global (Academic Edition, excluding Law Schools)  |d vLex Global (U.S. Academic Edition, Law Schools)  |d vLex Global (U.S. Academic Edition, excluding Law Schools)  |d vLex Global (Academic Edition, Law Schools) 
650 0 7 |a Tributario  |2 Tesauro vLex 
650 0 7 |a Impuesto sobre la renta de las personas  |2 Tesauro vLex 
650 0 7 |a Derecho tributario  |2 Tesauro vLex 
650 0 7 |a Impuesto sobre las rentas de capital  |2 Tesauro vLex 
710 1 |a Espaą.  |t Ley del Impuesto sobre la Renta de no Residentes, 1998 
740 0 |a vLex Libros (Servicios en ln̕ea) 
856 4 0 |u http://vlex.com/source/459  |z Acceso restringido 
942 |c BOOK 
999 0 |a Taxation  |b Madrid